| 000 | 00368nam a2200145Ia 4500 | ||
|---|---|---|---|
| 008 | 230917s9999||||xx |||||||||||||| ||und|| | ||
| 040 |
_e177184 _aMAIN |
||
| 041 | _aEnglish | ||
| 082 | _a338.4791 S64T | ||
| 100 | _aSingh, Mahesh Chandra | ||
| 245 | 0 | _aTravel, tourism and eco-tourism | |
| 260 |
_aNew Delhi _bCentrum Press _c2010 |
||
| 300 | _a240 p. | ||
| 942 | _cBK | ||
| 999 |
_c153689 _d153689 |
||